Julie / (Record no. 11125)
[ view plain ]
| 000 -LEADER | |
|---|---|
| fixed length control field | 01395cam a2200361 a 4500 |
| 001 - CONTROL NUMBER | |
| control field | 13152395 |
| 003 - CONTROL NUMBER IDENTIFIER | |
| control field | LC |
| 005 - DATE AND TIME OF LATEST TRANSACTION | |
| control field | 20160404093658.0 |
| 008 - FIXED-LENGTH DATA ELEMENTS--GENERAL INFORMATION | |
| fixed length control field | 030408s2004 nyu c b 000 0 eng |
| 010 ## - LIBRARY OF CONGRESS CONTROL NUMBER | |
| LC control number | 2003050395 |
| 020 ## - INTERNATIONAL STANDARD BOOK NUMBER | |
| International Standard Book Number | 9780060235284 |
| 040 ## - CATALOGING SOURCE | |
| Original cataloging agency | DLC |
| Transcribing agency | DLC |
| Modifying agency | DLC |
| 042 ## - AUTHENTICATION CODE | |
| Authentication code | lcac |
| 050 00 - LIBRARY OF CONGRESS CALL NUMBER | |
| Classification number | PZ 7 |
| Item number | .G2933ju 1994 |
| 082 00 - DEWEY DECIMAL CLASSIFICATION NUMBER | |
| Classification number | FIC |
| Item number | G29j 1994 |
| 100 1# - MAIN ENTRY--PERSONAL NAME | |
| Personal name | George, Jean Craighead |
| 9 (RLIN) | 2320 |
| 245 12 - TITLE STATEMENT | |
| Title | Julie / |
| Statement of responsibility, etc | Jean Craighead George |
| 246 18 - VARYING FORM OF TITLE | |
| Title proper/short title | Julie of the wolves |
| 260 ## - PUBLICATION, DISTRIBUTION, ETC. (IMPRINT) | |
| Place of publication, distribution, etc | New York, NY : |
| Name of publisher, distributor, etc | Harper Collins, |
| Date of publication, distribution, etc | 1994. |
| 300 2# - PHYSICAL DESCRIPTION | |
| Extent | 226 p. ; |
| Dimensions | 21 cm. |
| 440 #0 - SERIES STATEMENT/ADDED ENTRY--TITLE | |
| Title | Scholastic bookfiles |
| 9 (RLIN) | 2296 |
| 600 10 - SUBJECT ADDED ENTRY--PERSONAL NAME | |
| Personal name | George, Jean Craighead, |
| Dates associated with a name | 1919- |
| Title of a work | Julie of the wolves |
| Form subdivision | Juvenile literature. |
| 9 (RLIN) | 2321 |
| 600 11 - SUBJECT ADDED ENTRY--PERSONAL NAME | |
| Personal name | George, Jean Craighead, |
| Dates associated with a name | 1919- |
| Title of a work | Julie of the wolves. |
| 9 (RLIN) | 2322 |
| 650 #0 - SUBJECT ADDED ENTRY--TOPICAL TERM | |
| Topical term or geographic name as entry element | Eskimos in literature |
| Form subdivision | Juvenile literature. |
| 9 (RLIN) | 2323 |
| 650 #0 - SUBJECT ADDED ENTRY--TOPICAL TERM | |
| Topical term or geographic name as entry element | Wolves in literature |
| Form subdivision | Juvenile literature. |
| 9 (RLIN) | 2324 |
| 650 #1 - SUBJECT ADDED ENTRY--TOPICAL TERM | |
| Topical term or geographic name as entry element | American literature |
| General subdivision | History and criticism. |
| 9 (RLIN) | 2325 |
| 651 #0 - SUBJECT ADDED ENTRY--GEOGRAPHIC NAME | |
| Geographic name | Arctic regions |
| General subdivision | In literature |
| Form subdivision | Juvenile literature. |
| 9 (RLIN) | 2326 |
| 856 42 - ELECTRONIC LOCATION AND ACCESS | |
| Materials specified | Publisher description |
| Uniform Resource Identifier | <a href="http://www.loc.gov/catdir/enhancements/fy1203/2003050395-d.html">http://www.loc.gov/catdir/enhancements/fy1203/2003050395-d.html</a> |
| 906 ## - LOCAL DATA ELEMENT F, LDF (RLIN) | |
| a | 7 |
| b | cbc |
| c | orignew |
| d | 1 |
| e | ocip |
| f | 20 |
| g | y-gencatlg |
| 942 ## - ADDED ENTRY ELEMENTS (KOHA) | |
| Source of classification or shelving scheme | Library of Congress Classification |
| Koha item type | Books |
| Withdrawn status | Lost status | Source of classification or shelving scheme | Damaged status | Home library | Current library | Shelving location | Date acquired | Total Checkouts | Full call number | Barcode | Date last seen | Copy number | Price effective from | Koha item type |
|---|---|---|---|---|---|---|---|---|---|---|---|---|---|---|
| Library of Congress Classification | Luxembourg Library | Luxembourg Library | Fiction Section | 09/13/2013 | PZ 7 .G2933ju 1994 | 2196 | 09/13/2013 | 1 | 09/13/2013 | Books |